1611 1655 1457 1955 1601 1358 1706 1706 1705 1587 1653 1298 1535 1859 1366 1981 1894 1349 1979 1820 1082 1383 1867 1742 1802 1730 1630 1588 1632 1621 1208 1976 1237 1453 1629 1795 1450 1500 1266 1889 1572 1523 1646 1367 1557 1276 1590 1868 1577 1042 1593 1919 1014 1360 1662 1348 1868 1436 1982 1792 1792 1304 1320 1208 1492 1104 1087 1128 1442 1382 1738 1337 1601 1119 1576 1121 1980 1749 1597 1197 1207 1174 1324 1397 1792 1870 1508 1135 1979 1693 1166 1923 1239 1445 1629 1926 1944 1131 1402 BCNSPRNW ULIB Ver.6.0+V

เปลี่ยนเป็นภาษาไทย

Change to English
 แสดงรายละเอียดบรรณานุกรม
  กลับหน้าหลัก

Brief Record : Get Marc (ISO 2709) : E-mail record : QR code < ปิดหน้าต่าง
LEADER : 00000nam 2200000uu 4500
001    13399125812
003     ULIB
008    170918s2560||||th 000 0 tha d
020    ^a9786164298224
060    ^aWA540.1^bภ354ก
100 0  ^aภัทรา ซูริค
245 10 ^aการสร้างเสริมสุขภาพ :^bแนวคิด ทฤษฎี และนวัตกรรม =^bHealth Promotion : Concepts, Theories & Innovation/^cประกาย จิโรจน์กุล
246 0  ^aHealth Promotion : Concepts, Theories & Innovation
250    ^aพิมพ์ครั้งที่ 2.
260    ^aกรุงเทพฯ :^bกรีนไลฟ์ พริ้นติ้ง เฮ้าส์,^c2560
300    ^a223 หน้า ;^c21 ซม.
650  7 ^aการส่งเสริมสุขภาพ
650  7 ^aการสร้างเสริมสุขภาพ
650  7 ^aสุขภาพและอนามัย
650  4 ^aนวัตกรรม
945    ^p195^l0^i25546
945    ^p195^l0^i25547
945    ^p195^l0^i25548
945    ^p195^l0^i25549
945    ^p195^l0^i25560
945    ^p195^l0^i25561
945    ^p195^l0^i25562
945    ^p195^l0^i25563
945    ^p195^l0^i25564
945    ^p195^l0^i25565
945    ^p195^l0^i25566
945    ^p195^l0^i25567
945    ^p195^l0^i25568
945    ^p195^l0^i25569
945    ^p195^l0^i25570
999    ^aกัณชพร จุลอักษร
รายการนี้ยังไม่มีแท็ก
คุณยังไม่ได้ล็อกอิน คุณสามารถมีกิจกรรมร่วมกับเว็บไซต์ได้ แต่ต้องล็อกอินก่อน ::
  ล็อกอิน

รายการสื่อสารสนเทศ

ลำดับที่ ประเภท เลขเรียก/บาร์โค้ด สถานที่ สถานะ
1. วิทยาศาสตร์การแพทย์ และสุขภาพ
หนังสือสำรอง
สถานะ=หนังสือสำรอง
WA540.1 ภ354ก ฉ.1 
  Barcode: 25546
ห้องสมุดวิทยาเขตนครสวรรค์
►หนังสือทั่วไป:l:General Books
บนชั้น
2. วิทยาศาสตร์การแพทย์ และสุขภาพ
วิทยาศาสตร์การแพทย์ และสุขภาพ
WA540.1 ภ354ก ฉ.10 
  Barcode: 25565
ห้องสมุดวิทยาเขตนครสวรรค์
►หนังสือทั่วไป:l:General Books
บนชั้น
3. วิทยาศาสตร์การแพทย์ และสุขภาพ
วิทยาศาสตร์การแพทย์ และสุขภาพ
WA540.1 ภ354ก ฉ.11 
  Barcode: 25566
ห้องสมุดวิทยาเขตนครสวรรค์
►หนังสือทั่วไป:l:General Books
บนชั้น
4. วิทยาศาสตร์การแพทย์ และสุขภาพ
วิทยาศาสตร์การแพทย์ และสุขภาพ
WA540.1 ภ354ก ฉ.12 
  Barcode: 25567
ห้องสมุดวิทยาเขตนครสวรรค์
►หนังสือทั่วไป:l:General Books
บนชั้น
5. วิทยาศาสตร์การแพทย์ และสุขภาพ
วิทยาศาสตร์การแพทย์ และสุขภาพ
WA540.1 ภ354ก ฉ.13 
  Barcode: 25568
ห้องสมุดวิทยาเขตนครสวรรค์
►หนังสือทั่วไป:l:General Books
บนชั้น
6. วิทยาศาสตร์การแพทย์ และสุขภาพ
วิทยาศาสตร์การแพทย์ และสุขภาพ
WA540.1 ภ354ก ฉ.14 
  Barcode: 25569
ห้องสมุดวิทยาเขตนครสวรรค์
►หนังสือทั่วไป:l:General Books
บนชั้น
7. วิทยาศาสตร์การแพทย์ และสุขภาพ
วิทยาศาสตร์การแพทย์ และสุขภาพ
WA540.1 ภ354ก ฉ.15 
  Barcode: 25570
ห้องสมุดวิทยาเขตนครสวรรค์
►หนังสือทั่วไป:l:General Books
บนชั้น
8. วิทยาศาสตร์การแพทย์ และสุขภาพ
วิทยาศาสตร์การแพทย์ และสุขภาพ
WA540.1 ภ354ก ฉ.2 
  Barcode: 25547
ห้องสมุดวิทยาเขตนครสวรรค์
►หนังสือทั่วไป:l:General Books
บนชั้น
9. วิทยาศาสตร์การแพทย์ และสุขภาพ
วิทยาศาสตร์การแพทย์ และสุขภาพ
WA540.1 ภ354ก ฉ.3 
  Barcode: 25548
ห้องสมุดวิทยาเขตนครสวรรค์
►หนังสือทั่วไป:l:General Books
บนชั้น
10. วิทยาศาสตร์การแพทย์ และสุขภาพ
วิทยาศาสตร์การแพทย์ และสุขภาพ
WA540.1 ภ354ก ฉ.4 
  Barcode: 25549
ห้องสมุดวิทยาเขตนครสวรรค์
►หนังสือทั่วไป:l:General Books
บนชั้น
11. วิทยาศาสตร์การแพทย์ และสุขภาพ
วิทยาศาสตร์การแพทย์ และสุขภาพ
WA540.1 ภ354ก ฉ.5 
  Barcode: 25560
ห้องสมุดวิทยาเขตนครสวรรค์
►หนังสือทั่วไป:l:General Books
บนชั้น
12. วิทยาศาสตร์การแพทย์ และสุขภาพ
วิทยาศาสตร์การแพทย์ และสุขภาพ
WA540.1 ภ354ก ฉ.6 
  Barcode: 25561
ห้องสมุดวิทยาเขตนครสวรรค์
►หนังสือทั่วไป:l:General Books
บนชั้น
13. วิทยาศาสตร์การแพทย์ และสุขภาพ
วิทยาศาสตร์การแพทย์ และสุขภาพ
WA540.1 ภ354ก ฉ.7 
  Barcode: 25562
ห้องสมุดวิทยาเขตนครสวรรค์
►หนังสือทั่วไป:l:General Books
บนชั้น
14. วิทยาศาสตร์การแพทย์ และสุขภาพ
วิทยาศาสตร์การแพทย์ และสุขภาพ
WA540.1 ภ354ก ฉ.8 
  Barcode: 25563
ห้องสมุดวิทยาเขตนครสวรรค์
►หนังสือทั่วไป:l:General Books
บนชั้น
15. วิทยาศาสตร์การแพทย์ และสุขภาพ
วิทยาศาสตร์การแพทย์ และสุขภาพ
WA540.1 ภ354ก ฉ.9 
  Barcode: 25564
ห้องสมุดวิทยาเขตนครสวรรค์
►หนังสือทั่วไป:l:General Books
บนชั้น

รายการใกล้เคียง
    ผู้แต่ง [ภัทรา ซูริค]

    หัวเรื่อง [การส่งเสริมสุขภาพ]
    หัวเรื่อง [การสร้างเสริมสุขภาพ]
    หัวเรื่อง [สุขภาพและอนามัย]
    หัวเรื่อง [นวัตกรรม]

BibComment


ยังไม่เคยถูกคอมเมนท์

คอมเมนท์ทรัพยากรรายการนี้
  คอมเมนท์: การสร้างเสริมสุข..


 Copyright 2026. Bcnsprnw @Library